Science Quiz

Random Science or Elements Quiz

Periodic Table Ladder Quiz Stats

Quiz Updated May 31, 2017

Also try: The World Ladder
Challenge
Share
Tweet
Score 0/45 Timer 05:00
6 Plays Today
% Correct
  30  
  Zn  
98.9%
  26  
  Fe  
79.5%
TOOL
75.7%
BING
75.2%
TOLL
75.2%
BINS
74.6%
IRAN
73.8%
TANK
73.1%
TALK
72.7%
SANG
70.7%
BRAS
70.7%
BANG
70.1%
SONG
70.1%
  74  
  W  
70%
TONG
70%
TALC
69.8%
SANK
68.8%
ZING
67.4%
RANG
67.1%
BRAN
66%
  20  
  Ca  
65.9%
CALL
65.8%
RUNG
65.4%
% Correct
BALL
65.2%
TOON
65.2%
  79  
  Au  
64.7%
BIAS
64.7%
TRON
63%
BOLL
61.3%
  82  
  Pb  
59%
BOLD
58.9%
BOND
58.7%
MEAT
57.8%
MEAN
56.4%
MOAT
55.3%
MOON
53.8%
NOON
53.4%
LEAN
52.8%
BAND
52.6%
  10  
  Ne  
52.3%
MOAN
50.7%
  36  
  Kr  
50.5%
GOAD
49.4%
LOAD
49.3%
PEON
42.6%

You're not logged in!

Compare scores with friends on all Sporcle quizzes.
Sign Up with Email
OR
Log In

You Might Also Like...

Show Comments

Extras

Top Quizzes Today


Score Distribution

Your Account Isn't Verified!

In order to create a playlist on Sporcle, you need to verify the email address you used during registration. Go to your Sporcle Settings to finish the process.